[Event "El Vendrell Mestre"]
[Site "El Vendrell"]
[Date "2020.09.26"]
[Round "1"]
[White "Mas Mestres, Jordi"]
[Black "Cano Sevila, Ivan"]
[Result "0-1"]
[WhiteElo "1835"]
[BlackElo "2012"]
[PlyCount "130"]
[EventDate "2020.09.26"]
[EventType "tourn"]
[EventRounds "9"]
[EventCountry "ESP"]
[SourceTitle "EXT 2023"]
[Source "ChessBase"]
[SourceDate "2022.10.05"]
[SourceVersion "1"]
[SourceVersionDate "2022.10.05"]
[SourceQuality "1"]

1. e4 c5 2. Nf3 Nc6 3. d4 cxd4 4. Nxd4 g6 5. c4 Nf6 6. Nc3 d6 7. Be2 Nxd4 8. Qxd4 Bg7 9. Be3 0-0 10. Qd2 Be6 11. f3 Qa5 12. Rc1 Rfc8 13. Nd5 Qxd2+ 14. Kxd2 Bxd5 15. cxd5 Nd7 16. b4 Bb2 17. Rc2 Rxc2+ 18. Kxc2 Bf6 19. Kb3 a5 20. bxa5 Rxa5 21. Rc1 Nc5+ 22. Bxc5 dxc5 23. a4 Be5 24. h3 Kg7 25. Bb5 b6 26. Kc4 Kh6 27. Kd3 Kg5 28. Rc2 Kf4 29. Ra2 Kg3 30. Bc6 f6 31. Kc4 Bd4 32. Kd3 Bf2 33. f4 Bd4 34. e5 fxe5 35. fxe5 Bxe5 36. Re2 Bd6 37. Rc2 Ra7 38. Rb2 Ra6 39. Re2 Ra7 40. Rb2 Be5 41. Re2 Bd4 42. Re6 Rc7 43. Re2 Kf4 44. Re4+ Kg3 45. Re2 g5 46. Re6 h5 47. Re2 g4 48. hxg4 hxg4 49. Re4 Bf6 50. Re2 Rc8 51. Kc4 Kf4 52. Kd3 Rh8 53. Bb7 Rh1 54. Re4+ Kg3 55. Re2 Rd1+ 56. Kc2 Ra1 57. Kb3 Rb1+ 58. Ka2 Rg1 59. Kb3 Rxg2 60. Re4 Rh2 61. Ka3 Rd2 62. Kb3 Rd3+ 63. Kc2 Rd4 64. Re6 Rxa4 65. Rxb6 Kf2 0-1

[Event "ESP-ch 85th"]
[Site "Linares"]
[Date "2020.09.05"]
[Round "6"]
[White "Cano Sevila, Ivan"]
[Black "Vilches del Castillo, Sergio"]
[Result "1-0"]
[WhiteElo "2027"]
[BlackElo "1965"]
[PlyCount "86"]
[EventDate "2020.08.31"]
[EventType "swiss"]
[EventRounds "9"]
[EventCountry "ESP"]
[SourceTitle "EXT 2021"]
[Source "ChessBase"]
[SourceDate "2020.10.23"]
[SourceVersion "1"]
[SourceVersionDate "2020.10.23"]
[SourceQuality "1"]

1. d4 f5 2. Bf4 d6 3. c4 Nf6 4. Nc3 g6 5. Nf3 Bg7 6. e3 0-0 7. h3 Qe8 8. Be2 h6 9. Qc2 c6 10. 0-0-0 Ne4 11. Nxe4 fxe4 12. Nd2 e5 13. dxe5 dxe5 14. Bg3 Bf5 15. Nxe4 Na6 16. c5 Nxc5 17. Qc4+ Ne6 18. Nd6 Qe7 19. e4 b5 20. Qb3 Rad8 21. exf5 gxf5 22. Nxf5 Rxd1+ 23. Rxd1 Rxf5 24. Bg4 Kh8 25. Bxf5 Qg5+ 26. f4 Qxf5 27. fxe5 c5 28. Qf3 Qg5+ 29. Kb1 Nd4 30. Qg4 Qe3 31. h4 a5 32. Qg6 Qe2 33. Rg1 a4 34. Rc1 c4 35. Bf4 b4 36. Bxh6 Bxh6 37. Qxh6+ Kg8 38. Qg6+ Kh8 39. Qe8+ Kh7 40. Qd7+ Kh6 41. Qxd4 a3 42. bxa3 c3 43. Qxb4 Qd2 1-0

[Event "ESP-ch 85th"]
[Site "Linares"]
[Date "2020.08.31"]
[Round "1"]
[White "Martin Duque, Jesus"]
[Black "Cano Sevila, Ivan"]
[Result "1-0"]
[WhiteElo "2402"]
[BlackElo "2027"]
[PlyCount "75"]
[EventDate "2020.08.31"]
[EventType "swiss"]
[EventRounds "9"]
[EventCountry "ESP"]
[SourceTitle "EXT 2021"]
[Source "ChessBase"]
[SourceDate "2020.10.23"]
[SourceVersion "1"]
[SourceVersionDate "2020.10.23"]
[SourceQuality "1"]

1. e4 c5 2. Nf3 g6 3. c4 Bg7 4. d4 cxd4 5. Nxd4 Nc6 6. Be3 Nf6 7. Nc3 0-0 8. Be2 d6 9. 0-0 Bd7 10. h3 Nxd4 11. Bxd4 Bc6 12. Qc2 a5 13. Rad1 Nd7 14. Bxg7 Kxg7 15. Bg4 Ne5 16. c5 Nxg4 17. hxg4 Qc8 18. cxd6 exd6 19. f3 Qe6 20. Rd4 Rad8 21. Rfd1 h5 22. gxh5 Rh8 23. hxg6 Qe5 24. Qf2 Rh6 25. gxf7 Rdh8 26. Kf1 Rg6 27. Rd5 Bxd5 28. Rxd5 Rh1+ 29. Ke2 Qh2 30. Rf5 Kf8 31. g4 Qh3 32. Rh5 Qxh5 33. gxh5 Rxh5 34. Qb6 Kxf7 35. Qxb7+ Kg8 36. Nd5 Rg2+ 37. Ke3 Rhh2 38. Qe7 1-0

[Event "Barcelona FM 08"]
[Site "Barcelona"]
[Date "2020.08.13"]
[Round "3"]
[White "Cano Sevila, Ivan"]
[Black "Fernandez Egea, Andres"]
[Result "1-0"]
[WhiteElo "2027"]
[BlackElo "1869"]
[PlyCount "42"]
[EventDate "2020.08.11"]
[EventType "tourn"]
[EventRounds "9"]
[EventCountry "ESP"]
[SourceTitle "EXT 2021"]
[Source "ChessBase"]
[SourceDate "2020.10.23"]
[SourceVersion "1"]
[SourceVersionDate "2020.10.23"]
[SourceQuality "1"]

1. d4 Nf6 2. Bf4 g6 3. Nc3 d6 4. e4 Bg7 5. Qd2 Nbd7 6. 0-0-0 c6 7. f3 Qa5 8. g4 e5 9. dxe5 dxe5 10. Bh6 0-0 11. h4 b5 12. Kb1 b4 13. Nce2 Nc5 14. Bxg7 Kxg7 15. h5 Be6 16. Nc1 Rfd8 17. Bd3 Ncxe4 18. fxe4 Nxe4 19. Qe3 Qc5 20. Qxe4 Bd5 21. Qxe5+ Kg8 1-0